Responses for Show #2624 - Thursday, January 18, 1996

Bill Dickenson game 3.

Contestants

[<< previous game]

Jack Ronner, an attorney from Oakland, California

Sandy Shapiro, an urban planning lawyer from Potomac, Maryland

Bill Dickenson, a college instructor from Richardson, Texas (whose 2-day cash winnings total $16,000)

[next game >>]

Jeopardy! Round responses

AROUND THE WORLD
TELEVISION
DINING OUT
SCIENCE
POTPOURRI
HISTORY
    $100 8
Andes

Bill
    $100 6
Agent 99

Bill
    $100 16
a salad bar

Bill
    $100 25
caffeine

Jack
    $100 21
Israel

Jack
    $100 1
Hawaii

Jack
    $200 9
sari

Sandy
    $200 7
(Jack: What is NYPD Blue?)
...
(Alex: The year was 1990, and NYPD Blue was more recent.)

L.A. Law

BillJack
    $200 17
drive-in

Bill
    $200 26
intelligence quotient

Jack
    $200 22
(Bill: What is keno?)
...
(Alex: Keno has more numbers.)

bingo

BillSandy
    $200 2
Ho Chi Minh

Bill
    $300 10
Arabic

Bill
    $300 13
Howdy Doody

Triple Stumper
    $300 18
(Jack: What is buffet?)
...
(Alex: Bring me the [*] tray and leave it, that's what I say!)

dessert

Jack
Triple Stumper
    $300 27
metamorphosis

Jack
    $300 23
silk

Bill
    $300 3
Harper's Ferry

Jack
    $400 11
Rice

Bill
    $400 14
(Sandy: What is...)

Falcon Crest

BillSandy
    $400 19
Italy

Sandy
    $400 28
streptococci

Jack
    $400 24
Greek

Jack
    $400 4
Hadrian

Jack
    $500 12
Belfast

Sandy
    $500 15
(Jack: What is December Bride?)

Bewitched

Jack
Triple Stumper
    $500 20
surf and turf

Sandy
    $700 29
(Jack: What is division?)

eon

Jack
    $500 30
(Bill: What is ham radio?)
(Sandy: What is talk radio?)

CB (citizens' band) radio

BillSandy
Triple Stumper
    $500 5
hunger strike

Sandy

Scores at the first commercial break (after clue 15):

Bill Sandy Jack
$1,700 $800 $100

Scores at the end of the Jeopardy! Round:

Bill Sandy Jack
$1,600 $1,400 $600

Double Jeopardy! Round responses

20th CENTURY AMERICA
GARDENING
AUTHORS
GOVERNMENT & POLITICS
SEAS
ON BROADWAY 1968
    $200 1
(Alex: They tell me we had a minor earthquake a few moments ago that affected the lighting and our cameras in the studio. That's why one of our cameras is shaking. We didn't feel it here, so we're going on, regardless!)

the Mustang

Bill
    $200 7
roses

Jack
    $200 17
Jack London

Bill
    $200 4
turnpike tolls

Jack
    $200 22
the Mediterranean Sea

Jack
    $200 8
Dustin Hoffman

Sandy
    $400 2
Mauna Loa

Bill
    $400 18
peat moss

Bill
    $400 27
Herman Melville

Bill
    $400 9
Winnie Mandela

Jack
    $400 23
the Caribbean Sea

Jack
    $400 10
Zorba the Greek

Jack
    $600 3
(Bill: Who is Irving Berlin?)

George M. Cohan

BillSandy
    $600 19
a sprinkler

Bill
    $600 28
Agatha Christie

Jack
    $600 14
Poland

Triple Stumper
    $600 24
(Alex: And we've got a minute to go.)

the North Sea

Bill
    $600 11
Hello, Dolly!

Triple Stumper
    $800 5
Tennessee

Jack
    $800 20
seeds

Bill
    $800 29
(Jack: Who is Thoreau?)

Nathaniel Hawthorne

Jack
Triple Stumper
    $1,000 15
"Ode To Joy"

Sandy
    $800 25
the Sea of Japan

Jack
    $800 12
The Great White Hope

Sandy
    $1000 6
John Nance Garner

Bill
    $1000 21
a shrub

Bill
    $1000 30
William Faulkner

Bill
    $1000 16
Turkmenistan

Jack
    $1,000 26
the Caspian Sea

Jack
    $1000 13
Promises, Promises

Triple Stumper

Scores at the end of the Double Jeopardy! Round:

Bill Sandy Jack
$7,600 $4,000 $5,800

[wagering suggestions for these scores]

Final Jeopardy! Round responses

MEDICAL FIRSTS
(Alex: [To Sandy] I'm sorry, that is not specific for us.)
SandyWhat is the first organ transplant
$3,999
JackWhat is a heart transplant
$1,799
BillWhat is a heart transplant
$4,001
the first heart transplant

Final scores:

Bill Sandy Jack
$11,601 $1 $7,599
3-day champion: $27,601 3rd place: an RCA DSS satellite system 2nd place: a dolphin sculpture + a wool rug

Game dynamics:

Coryat scores:

Bill Sandy Jack
$7,600 $3,800 $6,500
21 R,
3 W
10 R
(including 1 DD),
2 W
20 R
(including 1 DD),
5 W
(including 1 DD)

Combined Coryat: $17,900

[game clues] [game scores] [suggest correction]

Game tape date: Unknown
The J! Archive is created by fans, for fans. Scraping, republication, monetization, and malicious use prohibited; this site may use cookies and collect identifying information. See terms. The Jeopardy! game show and all elements thereof, including but not limited to copyright and trademark thereto, are the property of Jeopardy Productions, Inc. and are protected under law. This website is not affiliated with, sponsored by, or operated by Jeopardy Productions, Inc. Join the discussion at JBoard.tv.